000 00233nam a22000857a 4500
008 161201b xxu||||| |||| 00| 0 eng d
100 _91647
_aRam,S.K
245 _aLearning To Communicate : Couse Book -2
260 _aNew Delhi
_bOxford
_c2003
999 _c4360
_d4360